[Event "EU-ch Blitz"]
[Site "Katowice"]
[Date "2021.12.17"]
[Round "18"]
[White "Kolasa, Pjotrs"]
[Black "Dudzinski, Pawel"]
[Result "1-0"]
[WhiteElo "2051"]
[BlackElo "2193"]
[PlyCount "89"]
[EventDate "2021.12.17"]
[EventType "swiss (blitz)"]
[EventRounds "22"]
[EventCountry "POL"]
[SourceTitle "CBM 205 Extra"]
[Source "ChessBase"]
[SourceDate "2022.01.31"]
[SourceVersion "1"]
[SourceVersionDate "2022.01.31"]
[SourceQuality "1"]

1. Nf3 g6 2. c4 Bg7 3. Nc3 e5 4. d4 exd4 5. Nxd4 d6 6. e4 Nc6 7. Be3 Nf6 8. Be2 0-0 9. 0-0 Bd7 10. Qd2 Ng4 11. Bxg4 Bxg4 12. Nxc6 bxc6 13. f3 Be6 14. b3 Re8 15. Rad1 c5 16. Nd5 a5 17. Bg5 f6 18. Bh4 g5 19. Bg3 f5 20. exf5 Bxf5 21. Rfe1 Bg6 22. Rxe8+ Bxe8 23. Re1 Bf7 24. Ne7+ Kh8 25. Qxg5 Qf8 26. Nf5 Re8 27. h4 Rxe1+ 28. Bxe1 Be6 29. Nxg7 Qxg7 30. Qd8+ Bg8 31. Bf2 h6 32. Kh2 Kh7 33. Kg1 Qa1+ 34. Kh2 Qg7 35. Bg3 a4 36. bxa4 Bxc4 37. a5 d5 38. Bxc7 d4 39. Bd6 d3 40. Bf8 Qf7 41. Bxc5 Bd5 42. Be3 Qe6 43. Qc7+ Kg6 44. Qf4 Bxa2 45. Qxh6+ 1-0

[Event "EU-ch Blitz"]
[Site "Katowice"]
[Date "2021.12.17"]
[Round "13"]
[White "Snihur, Piotr"]
[Black "Kolasa, Pjotrs"]
[Result "1-0"]
[WhiteElo "2279"]
[BlackElo "2051"]
[PlyCount "93"]
[EventDate "2021.12.17"]
[EventType "swiss (blitz)"]
[EventRounds "22"]
[EventCountry "POL"]
[SourceTitle "CBM 205 Extra"]
[Source "ChessBase"]
[SourceDate "2022.01.31"]
[SourceVersion "1"]
[SourceVersionDate "2022.01.31"]
[SourceQuality "1"]

1. d4 Nf6 2. c4 e6 3. Nf3 b6 4. a3 Ba6 5. Qc2 Be7 6. e4 d5 7. cxd5 Bxf1 8. Kxf1 exd5 9. e5 Ne4 10. Nc3 Nxc3 11. bxc3 0-0 12. g3 c5 13. Kg2 Nc6 14. Be3 Rc8 15. Qd3 Qd7 16. h4 f6 17. exf6 Rxf6 18. Bg5 Re6 19. Rae1 Rf8 20. Rxe6 Qxe6 21. Re1 Rxf3 22. Qxf3 Qxe1 23. Qxd5+ Kf8 24. Qxc6 Bxg5 25. hxg5 Qxc3 26. d5 Qe5 27. d6 Qe6 28. Qa8+ Kf7 29. Qxa7+ Kg6 30. Qxb6 Qd5+ 31. Kh2 Qd4 32. Kg2 Qd5+ 33. Kh2 Qd4 34. Kg2 Qd5+ 35. Kg1 Qd1+ 36. Kg2 Qd5+ 37. Kh2 Qd4 38. d7+ Kh5 39. Kg2 Qd5+ 40. Kg1 Qd1+ 41. Kh2 Qxd7 42. Qxc5 Qd2 43. Qe3 Qa2 44. Kg2 Kg6 45. Qe4+ Kf7 46. a4 Qa3 47. Qf3+ 1-0

[Event "LAT-chT"]
[Site "Riga"]
[Date "2019.06.09"]
[Round "6.1"]
[White "Kolasa, Pjotrs"]
[Black "Klimakovs, Sergejs"]
[Result "0-1"]
[WhiteElo "2009"]
[BlackElo "2306"]
[PlyCount "130"]
[EventDate "2019.02.16"]
[EventType "team-tourn"]
[EventRounds "9"]
[EventCountry "LAT"]
[SourceTitle "CBM 190 Extra"]
[Source "ChessBase"]
[SourceDate "2019.07.15"]
[SourceVersion "1"]
[SourceVersionDate "2019.07.15"]
[SourceQuality "1"]
[WhiteTeam "Rigas Saha School"]
[BlackTeam "Termo Eko/RSF"]
[WhiteTeamCountry "LAT"]
[BlackTeamCountry "LAT"]

1. Nf3 c5 2. c4 Nf6 3. Nc3 b6 4. g3 Bb7 5. Bg2 e6 6. 0-0 Be7 7. Re1 d6 8. e4 a6 9. d4 cxd4 10. Nxd4 Qc7 11. Be3 Nbd7 12. f4 Rc8 13. Rc1 Qb8 14. b3 Qa8 15. Bf2 Nc5 16. Qe2 0-0 17. h3 Rfe8 18. Bf3 d5 19. cxd5 exd5 20. Nxd5 Nxd5 21. exd5 Bf8 22. Qd1 Bxd5 23. Rxe8 Rxe8 24. Bxd5 Qxd5 25. Nf3 Qf5 26. Kg2 Nd3 27. Rc2 Rd8 28. Qe2 Nxf2 29. Qxf2 Bc5 30. Qe2 f6 31. Qc4+ Kf8 32. Re2 Qd3 33. Qe6 Qd7 34. Qc4 Qd3 35. Qe6 Qd5 36. Qxd5 Rxd5 37. Rd2 Rxd2+ 38. Nxd2 Ke7 39. Kf3 Ke6 40. Ke4 f5+ 41. Kd3 h5 42. g4 fxg4 43. hxg4 hxg4 44. Ke4 g6 45. Nc4 g3 46. Kf3 Bf2 47. Nd2 Kd5 48. Nf1 Kc5 49. Nxg3 Be1 50. Ne2 Kb4 51. Kg4 Ka3 52. Kg5 Kxa2 53. Kxg6 Kxb3 54. f5 Bb4 55. f6 a5 56. Nd4+ Kc4 57. Nc6 Bc5 58. Ne7 a4 59. Kf5 a3 60. Ke6 a2 61. f7 Bxe7 62. Kxe7 a1Q 63. f8Q Qa3+ 64. Ke8 Qxf8+ 65. Kxf8 b5 0-1

[Event "LAT-chT"]
[Site "Riga"]
[Date "2019.02.17"]
[Round "3.3"]
[White "Kolasa, Pjotrs"]
[Black "Badelka, Olga"]
[Result "1/2-1/2"]
[WhiteElo "2009"]
[BlackElo "2394"]
[PlyCount "66"]
[EventDate "2019.02.16"]
[EventType "team-tourn"]
[EventRounds "9"]
[EventCountry "LAT"]
[SourceTitle "CBM 189 Extra"]
[Source "ChessBase"]
[SourceDate "2019.06.03"]
[SourceVersion "1"]
[SourceVersionDate "2019.06.03"]
[SourceQuality "1"]
[WhiteTeam "Rigas Saha School"]
[BlackTeam "Maxon&Co"]
[WhiteTeamCountry "LAT"]
[BlackTeamCountry "LAT"]

1. Nf3 Nf6 2. c4 b6 3. d4 e6 4. g3 Bb7 5. Bg2 Be7 6. 0-0 0-0 7. Nc3 Ne4 8. Nxe4 Bxe4 9. Ne1 Bxg2 10. Nxg2 d5 11. Qa4 Qd7 12. Qxd7 Nxd7 13. cxd5 exd5 14. Bf4 c6 15. Rac1 Rac8 16. Rc2 Bf6 17. Rfc1 Bxd4 18. Rxc6 Rxc6 19. Rxc6 Bxb2 20. Rc7 Nf6 21. Rxa7 Re8 22. Kf1 h6 23. h4 d4 24. a4 Nd5 25. a5 bxa5 26. Rxa5 Nxf4 27. Nxf4 Bc3 28. Rc5 Ra8 29. Nd5 Ra1+ 30. Kg2 Ra2 31. Nxc3 dxc3 32. Rxc3 Rxe2 33. Kf3 Re8 1/2-1/2

[Event "LAT President's blitz Cup"]
[Site "Riga"]
[Date "2019.01.26"]
[Round "3"]
[White "Kolasa, Pjotrs"]
[Black "Meskovs, Nikita"]
[Result "0-1"]
[WhiteElo "2052"]
[BlackElo "2557"]
[PlyCount "104"]
[EventDate "2019.01.26"]
[EventType "swiss (blitz)"]
[EventRounds "13"]
[EventCountry "LAT"]
[SourceTitle "CBM 188 Extra"]
[Source "ChessBase"]
[SourceDate "2019.02.26"]
[SourceVersion "1"]
[SourceVersionDate "2019.02.26"]
[SourceQuality "1"]

1. Nf3 d5 2. e3 Nf6 3. c4 e6 4. b3 Be7 5. Bb2 0-0 6. Nc3 a6 7. Be2 dxc4 8. bxc4 c5 9. 0-0 b6 10. Rb1 Bb7 11. Ba1 Nbd7 12. d3 Qc7 13. Qb3 Rab8 14. Rfd1 Rfd8 15. h3 h6 16. e4 Nh5 17. Bf1 Bf6 18. g3 Bc6 19. Bg2 b5 20. cxb5 axb5 21. Rbc1 Qa7 22. d4 cxd4 23. Ne2 Bxe4 24. Nexd4 Qb7 25. Qe3 Be7 26. Nb3 Nhf6 27. Ne1 Bxg2 28. Nxg2 Nd5 29. Qf3 Rbc8 30. Nf4 N7b6 31. Nh5 Bf8 32. Qg4 f5 33. Qg6 Qf7 34. Qxf7+ Kxf7 35. Nd4 b4 36. Nf3 Nc3 37. Ne5+ Kg8 38. Rxd8 Rxd8 39. Bxc3 bxc3 40. Rxc3 Rd5 41. Nf3 e5 42. Rc7 e4 43. Nh4 Nd7 44. Nf4 Rd1+ 45. Kg2 g5 46. Nfg6 gxh4 47. gxh4 Kf7 48. Ne5+ Ke6 49. Nxd7 Rxd7 50. Rc8 Bd6 51. a4 Rg7+ 52. Kf1 Ra7 0-1

[Event "LAT President's blitz Cup"]
[Site "Riga"]
[Date "2019.01.26"]
[Round "6"]
[White "Kovalenko, Igor"]
[Black "Kolasa, Pjotrs"]
[Result "1-0"]
[WhiteElo "2663"]
[BlackElo "2052"]
[PlyCount "82"]
[EventDate "2019.01.26"]
[EventType "swiss (blitz)"]
[EventRounds "13"]
[EventCountry "LAT"]
[SourceTitle "CBM 188 Extra"]
[Source "ChessBase"]
[SourceDate "2019.02.26"]
[SourceVersion "1"]
[SourceVersionDate "2019.02.26"]
[SourceQuality "1"]

1. e4 e5 2. Nf3 Nc6 3. Bb5 a6 4. Ba4 Nf6 5. 0-0 Be7 6. Re1 b5 7. Bb3 0-0 8. c3 d6 9. h3 Bb7 10. d4 Re8 11. Nbd2 Bf8 12. Bc2 exd4 13. cxd4 Nb4 14. Bb1 c5 15. d5 c4 16. Nf1 Nd7 17. a3 Nd3 18. Bxd3 cxd3 19. Ng3 Qf6 20. Qxd3 Nc5 21. Qd1 Rac8 22. Re2 h6 23. Rb1 g6 24. Bd2 Na4 25. Be3 Bg7 26. Bd4 Qf4 27. Bxg7 Kxg7 28. Qd4+ Qf6 29. Qxf6+ Kxf6 30. Nd4 Rc4 31. Nb3 Rec8 32. Na5 Rc1+ 33. Rxc1 Rxc1+ 34. Kh2 Bc8 35. f4 Bd7 36. Nb7 Ke7 37. e5 dxe5 38. fxe5 h5 39. Ne4 Bf5 40. d6+ Ke6 41. Nf6 Rc8 1-0

[Event "LAT-chT"]
[Site "Riga"]
[Date "2018.12.16"]
[Round "11.1"]
[White "Morozli, Grigorijs"]
[Black "Kolasa, Pjotrs"]
[Result "0-1"]
[WhiteElo "1889"]
[BlackElo "2041"]
[PlyCount "74"]
[EventDate "2018.06.09"]
[EventType "team-tourn"]
[EventRounds "11"]
[EventCountry "LAT"]
[SourceTitle "CBM 189 Extra"]
[Source "ChessBase"]
[SourceDate "2019.06.03"]
[SourceVersion "1"]
[SourceVersionDate "2019.06.03"]
[SourceQuality "1"]
[WhiteTeam "Rigas Saha School Vertikale"]
[BlackTeam "Rigas Saha School"]
[WhiteTeamCountry "LAT"]
[BlackTeamCountry "LAT"]

1. Nf3 Nf6 2. g3 b5 3. a4 b4 4. d4 e6 5. Bg2 Bb7 6. 0-0 c5 7. c3 Be7 8. cxb4 cxb4 9. Nbd2 0-0 10. Nc4 Qc7 11. b3 Be4 12. Bf4 d6 13. Rc1 Qd7 14. Nh4 Bxg2 15. Nxg2 Nc6 16. Qd3 Rfc8 17. Rfd1 Nd5 18. Bd2 Bf6 19. e4 Nc3 20. Bxc3 bxc3 21. Qxc3 d5 22. e5 Be7 23. Nce3 Nxe5 24. Qa1 Nf3+ 25. Kh1 Bf6 26. Rxc8+ Rxc8 27. Nf4 Qb7 28. Ng4 Bg5 29. Kg2 Nh4+ 30. gxh4 Bxf4 31. Qb2 h5 32. Ne5 Bxe5 33. dxe5 Qb4 34. Rd4 Qe1 35. Rf4 Rc1 36. Qd4 Qh1+ 37. Kh3 Rg1 0-1

[Event "Pardubice op rapid 29th"]
[Site "Pardubice"]
[Date "2018.07.19"]
[Round "8"]
[White "Shkuran, Danylo"]
[Black "Kolasa, Pjotrs"]
[Result "1-0"]
[WhiteElo "2381"]
[BlackElo "2021"]
[PlyCount "75"]
[EventDate "2018.07.18"]
[EventType "swiss (rapid)"]
[EventRounds "9"]
[EventCountry "CZE"]
[SourceTitle "CBM 185 Extra"]
[Source "ChessBase"]
[SourceDate "2018.07.29"]
[SourceVersion "1"]
[SourceVersionDate "2018.07.29"]
[SourceQuality "1"]

1. e4 e5 2. Nf3 Nc6 3. Bb5 Nf6 4. Qe2 Bc5 5. c3 Qe7 6. d3 0-0 7. 0-0 d6 8. Be3 Bxe3 9. fxe3 a6 10. Ba4 b5 11. Bc2 Rb8 12. Nbd2 Qd8 13. h3 Ne7 14. Nh4 Ng6 15. Nf5 c5 16. Rf2 Bxf5 17. exf5 Ne7 18. g4 d5 19. g5 Nd7 20. Qg4 f6 21. h4 Kh8 22. Raf1 c4 23. Rg2 Nc6 24. dxc4 bxc4 25. Ba4 Rb6 26. e4 Nc5 27. Bxc6 Rxc6 28. exd5 Rd6 29. gxf6 Qxf6 30. Qxc4 Nd7 31. Ne4 Qe7 32. Nxd6 Qxd6 33. Qc6 Rf6 34. Qxd6 Rxd6 35. c4 a5 36. Rf3 Nc5 37. Ra3 a4 38. b4 1-0

[Event "Panevezys op-A"]
[Site "Panevezys"]
[Date "2018.06.30"]
[Round "2"]
[White "Golsta, Madara"]
[Black "Kolasa, Pjotrs"]
[Result "0-1"]
[WhiteElo "1761"]
[BlackElo "2041"]
[PlyCount "68"]
[EventDate "2018.06.29"]
[EventType "swiss"]
[EventRounds "9"]
[EventCountry "LTU"]
[SourceTitle "CBM 185 Extra"]
[Source "ChessBase"]
[SourceDate "2018.07.29"]
[SourceVersion "1"]
[SourceVersionDate "2018.07.29"]
[SourceQuality "1"]

1. c4 Nf6 2. Nc3 e6 3. Nf3 d5 4. g3 dxc4 5. Bg2 Nbd7 6. 0-0 Rb8 7. Qa4 a6 8. Qxc4 b5 9. Qb3 c5 10. d3 Bd6 11. Be3 0-0 12. Rac1 Bb7 13. Rfd1 Qe7 14. Qc2 Rfc8 15. Bg5 h6 16. Bxf6 Nxf6 17. b3 Bc6 18. Nd2 Bxg2 19. Kxg2 Qb7+ 20. Kg1 Be7 21. Nde4 Nd5 22. Qd2 f5 23. Nxd5 exd5 24. Nc3 d4 25. Nb1 Bg5 26. f4 Be7 27. Qe1 Re8 28. e4 dxe3 29. Qxe3 Rbd8 30. Qe6+ Kh8 31. Qxf5 Bf6 32. d4 Bxd4+ 33. Rxd4 cxd4 34. Nd2 Re2 0-1

[Event "Riga President Blitz Cup"]
[Site "Riga"]
[Date "2018.01.27"]
[Round "2"]
[White "Shirov, Alexei"]
[Black "Kolasa, Pjotrs"]
[Result "1-0"]
[WhiteElo "2641"]
[BlackElo "2049"]
[PlyCount "70"]
[EventDate "2018.01.27"]
[EventType "swiss (blitz)"]
[EventRounds "11"]
[EventCountry "LAT"]
[SourceTitle "CBM 182 Extra"]
[Source "ChessBase"]
[SourceDate "2018.02.23"]
[SourceVersion "1"]
[SourceVersionDate "2018.02.23"]
[SourceQuality "1"]

1. d4 d5 2. c4 c6 3. Nf3 Nf6 4. Nc3 e6 5. e3 Nbd7 6. Qc2 Bd6 7. b3 0-0 8. Bb2 Re8 9. h3 e5 10. g4 exd4 11. Nxd4 Nc5 12. 0-0-0 Be6 13. Nf5 Bxf5 14. Qxf5 dxc4 15. Bxc4 Qe7 16. g5 Nfe4 17. Nxe4 Nxe4 18. g6 hxg6 19. Qxg6 Be5 20. Bxe5 Qxe5 21. Bxf7+ Kf8 22. Rd4 Re7 23. Qh5 Qxh5 24. Bxh5 Nf6 25. Bf3 Ree8 26. Rhd1 Ke7 27. Rg1 Kf7 28. h4 Re5 29. Rg5 Rae8 30. Rb4 R5e7 31. h5 Rd8 32. Be2 Kf8 33. Rf4 Ke8 34. h6 Nh7 35. Rxg7 Rxg7 1-0

[Event "EU-ch blitz"]
[Site "Katowice"]
[Date "2017.12.15"]
[Round "3"]
[White "Mikrut, Dariusz"]
[Black "Kolasa, Pjotrs"]
[Result "1-0"]
[WhiteElo "2375"]
[BlackElo "2049"]
[PlyCount "47"]
[EventDate "2017.12.15"]
[EventType "swiss (blitz)"]
[EventRounds "22"]
[EventCountry "POL"]
[SourceTitle "CBM 182 Extra"]
[Source "ChessBase"]
[SourceDate "2018.02.23"]
[SourceVersion "1"]
[SourceVersionDate "2018.02.23"]
[SourceQuality "1"]

1. d4 d5 2. c4 c6 3. Nf3 Nf6 4. e3 e6 5. Nbd2 Nbd7 6. Bd3 Bd6 7. e4 dxe4 8. Nxe4 Nxe4 9. Bxe4 Nf6 10. Bc2 0-0 11. 0-0 c5 12. Bg5 cxd4 13. Qd3 g6 14. Qxd4 Be7 15. Qh4 h6 16. Bxh6 Ne8 17. Ng5 Ng7 18. Bxg7 Kxg7 19. Qh7+ Kf6 20. Ne4+ Ke5 21. Rad1 Rh8 22. Qg7+ Bf6 23. f4+ Kf5 24. Nxf6+ 1-0

[Event "Pardubice Czech op-B 28th"]
[Site "Pardubice"]
[Date "2017.07.27"]
[Round "7"]
[White "Yakimenko, Alexander A"]
[Black "Kolasa, Pjotrs"]
[Result "0-1"]
[WhiteElo "2110"]
[BlackElo "1950"]
[PlyCount "80"]
[EventDate "2017.07.21"]
[EventType "swiss"]
[EventRounds "9"]
[EventCountry "CZE"]
[SourceTitle "CBM 179 Extra"]
[Source "ChessBase"]
[SourceDate "2017.08.23"]
[SourceVersion "1"]
[SourceVersionDate "2017.08.23"]
[SourceQuality "1"]

1. e4 e5 2. Nf3 Nc6 3. Bb5 Nf6 4. d3 Bc5 5. Be3 Qe7 6. Nc3 0-0 7. Qd2 a6 8. Ba4 Nd4 9. Ne2 Nxe2 10. Kxe2 d5 11. Bxc5 Qxc5 12. Qc3 Qa7 13. Rae1 dxe4 14. Nxe5 Bf5 15. Kf1 Rad8 16. Bb3 exd3 17. cxd3 Nd5 18. Qc4 Be6 19. Qh4 Rfe8 20. g3 Nf6 21. Bxe6 Rxe6 22. Kg2 Qc5 23. Qf4 Rd4 24. Qf5 g6 25. Qf3 Qd5 26. Qxd5 Rxd5 27. f4 Rb6 28. Re2 Nd7 29. Nc4 Rb4 30. Re8+ Kg7 31. Rc8 c6 32. Re1 Rxd3 33. b3 b5 34. Na5 Rd2+ 35. Kh3 Rxa2 36. Rc7 Rd4 37. Nxc6 Rdd2 38. Ne5 Rxh2+ 39. Kg4 Nf6+ 40. Kf3 Rhf2+ 0-1

[Event "Pardubice Czech op-B 28th"]
[Site "Pardubice"]
[Date "2017.07.25"]
[Round "5"]
[White "Laith, Kasib"]
[Black "Kolasa, Pjotrs"]
[Result "1/2-1/2"]
[WhiteElo "2066"]
[BlackElo "1950"]
[PlyCount "71"]
[EventDate "2017.07.21"]
[EventType "swiss"]
[EventRounds "9"]
[EventCountry "CZE"]
[SourceTitle "CBM 179 Extra"]
[Source "ChessBase"]
[SourceDate "2017.08.23"]
[SourceVersion "1"]
[SourceVersionDate "2017.08.23"]
[SourceQuality "1"]

1. Nf3 d5 2. c4 c6 3. e3 Nf6 4. Nc3 e6 5. Qc2 Nbd7 6. b3 Bd6 7. Bb2 Qe7 8. Be2 0-0 9. 0-0 Re8 10. e4 dxe4 11. Nxe4 Nxe4 12. Qxe4 e5 13. Bd3 g6 14. Bc2 f5 15. Qe3 e4 16. Qc3 Ne5 17. Nxe5 Bxe5 18. Qxe5 Qxe5 19. Bxe5 Rxe5 20. Rfe1 Re6 21. f3 exf3 22. gxf3 c5 23. Kf2 Bd7 24. f4 Rd8 25. Re3 Rd6 26. d3 Rd4 27. Kg3 Re8 28. Rxe8+ Bxe8 29. Re1 Kf7 30. Re5 b6 31. h4 Bc6 32. a3 a5 33. Re1 h6 34. Bb1 g5 35. Rf1 Kg6 36. Rf2 1/2-1/2